[Event "FIDE World Blitz 2014"]
[Site "Dubai UAE"]
[Date "2014.06.20"]
[Round "15.29"]
[White "Nielsen, Peter Heine"]
[Black "Ragger, Markus"]
[Result "0-1"]
[WhiteTitle "GM"]
[BlackTitle "GM"]
[WhiteElo "2654"]
[BlackElo "2632"]
[WhiteFideId "1400355"]
[BlackFideId "1610856"]
[EventDate "2014.06.19"]

1. c4 c6 2. Nf3 d5 3. e3 Nf6 4. Nc3 e6 5. b3 Bd6 6. Bb2 O-O 7. Qc2 Re8 8. Be2 e5
9. cxd5 cxd5 10. Nb5 Nc6 11. Nxd6 Qxd6 12. d4 Nb4 13. Qd1 e4 14. Ne5 Nd7 15. a3
Nc6 16. Nxc6 bxc6 17. Rc1 a5 18. Qc2 Re6 19. Bc3 Ba6 20. b4 Bxe2 21. Qxe2 a4 22.
O-O Nb6 23. Bb2 Nc4 24. Rxc4 dxc4 25. Qxc4 h5 26. Rc1 Rb8 27. Qa6 Rb5 28. Qxa4
Rg6 29. Rc5 Rxc5 30. bxc5 Qd5 31. Qd1 Re6 32. a4 Re8 33. Bc3 Rb8 34. h3 Qc4 35.
Be1 Qd3 36. Qxh5 Rb1 37. Kh2 Rxe1 38. Qg4 Qa6 39. Qxe4 Qa8 40. Qe5 0-1

[Event "FIDE World Blitz 2014"]
[Site "Dubai UAE"]
[Date "2014.06.20"]
[Round "15.31"]
[White "Jobava, Baadur"]
[Black "Anton Guijarro, David"]
[Result "0-1"]
[WhiteTitle "GM"]
[BlackTitle "GM"]
[WhiteElo "2713"]
[BlackElo "2631"]
[WhiteFideId "13601520"]
[BlackFideId "2285525"]
[EventDate "2014.06.19"]

1. d4 g6 2. e4 Bg7 3. h4 h5 4. Nc3 d6 5. Be2 a6 6. a4 Nf6 7. Nf3 Bg4 8. Ng5 Bxe2
9. Qxe2 Nc6 10. e5 Nxd4 11. exf6 Nxe2 12. fxg7 Rg8 13. Kxe2 c6 14. Re1 Rxg7 15.
a5 Qd7 16. Kf1 e5 17. Nce4 Qe7 18. Ra3 f6 19. Nf3 d5 20. Ned2 O-O-O 21. Nb3 Qd7
22. Nc5 Qg4 23. Kg1 d4 24. Ne4 Rf7 25. Bd2 Rd5 26. Bb4 Kb8 27. c4 Rd8 28. Bd6+
Ka8 29. c5 Qe6 30. Nfd2 g5 31. hxg5 f5 32. Nf6 e4 33. Nf3 Rxd6 34. cxd6 Qxd6 35.
Nh4 Qb4 36. Rf1 Rg7 37. g6 d3 38. Nxh5 Rg8 39. Nf4 Qxb2 40. Raa1 d2 41. Nxf5 Qf6
42. Nh6 Rh8 43. g3 Rxh6 44. Rfd1 e3 45. fxe3 Rxg6 46. Nxg6 Qxg6 47. Kf2 Qc2 48.
Ke2 Qg6 49. Rxd2 Qxg3 50. Raa2 Qe5 51. Rd4 c5 52. Rd7 c4 53. Rc2 Qxa5 54. Rxc4
Qa2+ 55. Kd3 Qb3+ 56. Kd4 0-1

[Event "FIDE World Blitz 2014"]
[Site "Dubai UAE"]
[Date "2014.06.20"]
[Round "15.32"]
[White "Ghaem Maghami, Ehsan"]
[Black "Gundavaa, Bayarsaikhan"]
[Result "1/2-1/2"]
[WhiteTitle "GM"]
[BlackTitle "GM"]
[WhiteElo "2582"]
[BlackElo "2501"]
[WhiteFideId "12500739"]
[BlackFideId "4901045"]
[EventDate "2014.06.19"]

1. Nf3 Nf6 2. c4 e6 3. d4 d5 4. e3 a6 5. b3 c5 6. Bb2 cxd4 7. exd4 Nc6 8. Bd3
Be7 9. O-O O-O 10. Re1 b6 11. a3 Bb7 12. Nbd2 Re8 13. Qe2 Bf8 14. Rad1 g6 15.
Ne5 dxc4 16. Ndxc4 Bg7 17. Ne3 Ne7 18. b4 Ned5 19. g3 b5 20. Bb1 Rc8 21. Rc1
Nxe3 22. Qxe3 Qd5 23. f3 Red8 24. Rc5 Rxc5 25. dxc5 a5 26. Bc2 axb4 27. c6 bxa3
28. Bxa3 Bxc6 29. Rd1 Qxd1+ 30. Bxd1 Rxd1+ 31. Kf2 Be8 32. Qa7 Rd2+ 33. Ke1 Rxh2
34. Qe7 Ra2 35. Ng4 Rxa3 36. Qxa3 Nxg4 37. fxg4 Bc6 38. Qc5 Bd5 39. Qxb5 1/2-1/2

[Event "FIDE World Blitz 2014"]
[Site "Dubai UAE"]
[Date "2014.06.20"]
[Round "15.33"]
[White "Adly, Ahmed"]
[Black "Al-Modiahki, Mohamad"]
[Result "0-1"]
[WhiteTitle "GM"]
[BlackTitle "GM"]
[WhiteElo "2594"]
[BlackElo "2549"]
[WhiteFideId "10601619"]
[BlackFideId "12100030"]
[EventDate "2014.06.19"]

1. d4 Nf6 2. Nf3 g6 3. c4 Bg7 4. g3 O-O 5. Bg2 d6 6. O-O Nc6 7. Nc3 a6 8. Re1
Rb8 9. Rb1 Bg4 10. d5 Na5 11. Nd2 c5 12. b4 cxb4 13. Rxb4 Nd7 14. Qc2 Nc5 15.
Na4 Rc8 16. Nxc5 Rxc5 17. Nb3 Nxb3 18. Qxb3 Qa5 19. Be3 b5 20. Rb1 Bxe2 21. cxb5
Rxb5 22. Rxb5 axb5 23. Bf1 Bxf1 24. Kxf1 Ra8 25. Qxb5 Qxa2 26. Kg2 h5 27. Rd1
Qa4 28. Qd3 h4 29. Bg5 Qg4 30. Bxe7 h3+ 31. Kg1 Ra3 32. Qf1 Be5 33. Bd8 Rb3 34.
Ba5 Qf3 35. Bd8 Bd4 36. Re1 Rb2 37. Re8+ Kg7 38. Bf6+ Kxf6 39. Re3 Bxe3 0-1

[Event "FIDE World Blitz 2014"]
[Site "Dubai UAE"]
[Date "2014.06.20"]
[Round "15.35"]
[White "Efimenko, Zahar"]
[Black "Durarbayli, Vasif"]
[Result "1-0"]
[WhiteTitle "GM"]
[BlackTitle "GM"]
[WhiteElo "2648"]
[BlackElo "2590"]
[WhiteFideId "14107201"]
[BlackFideId "13402935"]
[EventDate "2014.06.19"]

1. Nf3 Nf6 2. g3 b6 3. Bg2 Bb7 4. O-O c5 5. c4 e6 6. Nc3 d6 7. Re1 a6 8. e4 Qc7
9. d4 cxd4 10. Nxd4 Be7 11. Be3 Nbd7 12. Rc1 Rc8 13. b3 Qb8 14. f4 Qa8 15. Bf2
O-O 16. g4 g6 17. g5 Nh5 18. Qg4 Ng7 19. Nf3 f5 20. exf5 Rxf5 21. Nd4 Rxf4 22.
Qxf4 Bxg2 23. Qg4 Bh1 24. Nd5 Bxd5 25. cxd5 Rxc1 26. Rxc1 Qxd5 27. Rc8+ Bf8 28.
Qg2 Qa5 29. Rd8 Nh5 30. Rxd7 Nf4 31. Qg4 Qd2 32. Rc7 Bg7 33. Rc8+ Kf7 34. Rc7+
Kg8 35. Rxg7+ Kxg7 36. Qxf4 Qd1+ 37. Kg2 e5 38. Ne6+ Kg8 39. Qf8# 1-0

[Event "FIDE World Blitz 2014"]
[Site "Dubai UAE"]
[Date "2014.06.20"]
[Round "15.37"]
[White "Kryvoruchko, Yuriy"]
[Black "Fier, Alexandr"]
[Result "1-0"]
[WhiteTitle "GM"]
[BlackTitle "GM"]
[WhiteElo "2707"]
[BlackElo "2580"]
[WhiteFideId "14109182"]
[BlackFideId "2107139"]
[EventDate "2014.06.19"]

1. e4 c5 2. Nf3 a6 3. c3 d5 4. exd5 Nf6 5. d4 cxd4 6. cxd4 Nxd5 7. Nc3 Nc6 8.
Bc4 Be6 9. Qe2 Nxc3 10. bxc3 Bxc4 11. Qxc4 e6 12. Rb1 Qd7 13. Qb3 b5 14. a4 Na5
15. Qc2 Bd6 16. axb5 axb5 17. O-O h6 18. d5 O-O 19. dxe6 fxe6 20. Qe2 Nc4 21.
Nd4 Rab8 22. Qxe6+ Qxe6 23. Nxe6 Rfe8 24. Nd4 b4 25. cxb4 Rxb4 26. Rxb4 Bxb4 27.
g3 Bc5 28. Nb3 Bb6 29. Nd2 Nxd2 30. Bxd2 Re2 31. Bf4 g5 32. Bb8 g4 33. Bf4 h5
34. Rb1 Bxf2+ 35. Kf1 Rc2 36. Rb5 Bc5 37. Ke1 Kf7 38. Kd1 Rc4 39. Kd2 Ke6 40.
Kd3 Rd4+ 41. Kc3 Rd5 42. Kc4 Rd4+ 43. Kxc5 Re4 44. Rb6+ Kf5 45. Rh6 Re2 46.
Rxh5+ Kf6 47. Kd4 Kg6 48. Rh4 Kf5 49. Kd3 Ra2 50. Rh5+ Kg6 51. Rg5+ Kf6 52. Rxg4
Rxh2 53. Ke4 Re2+ 54. Kf3 Ra2 55. Be3 Kf5 56. Rf4+ Kg6 57. g4 Ra3 58. Rb4 Kf6
59. Rb6+ Kg7 60. g5 Ra4 61. Bf4 Kf7 62. Kg4 Kg7 63. Kf5 Ra7 64. Be5+ Kh7 65. g6+
Kh6 66. g7+ Kh7 67. Rh6+ Kxh6 68. g8=Q Rf7+ 69. Ke4 Rf1 70. Bf4+ 1-0

[Event "FIDE World Blitz 2014"]
[Site "Dubai UAE"]
[Date "2014.06.20"]
[Round "15.39"]
[White "Salem, A.R. Saleh"]
[Black "Moiseenko, Alexander"]
[Result "1-0"]
[WhiteTitle "GM"]
[BlackTitle "GM"]
[WhiteElo "2581"]
[BlackElo "2707"]
[WhiteFideId "9301348"]
[BlackFideId "14102560"]
[EventDate "2014.06.19"]

1. d4 Nf6 2. c4 e6 3. Nf3 Bb4+ 4. Nbd2 O-O 5. a3 Be7 6. e4 d6 7. Bd3 Nfd7 8. b3
e5 9. d5 a5 10. Bc2 c6 11. O-O g6 12. Re1 f5 13. exf5 gxf5 14. Nf1 c5 15. Bh6 e4
16. Bxf8 Bxf8 17. N3d2 Bg7 18. Ne3 Ne5 19. f4 Ng6 20. g3 Bxa1 21. Qxa1 Na6 22.
Kh1 h5 23. Nxe4 fxe4 24. Bxe4 Nf8 25. g4 Qe7 26. Nf5 Bxf5 27. Bxf5 Qg7 28. Qd1
h4 29. g5 Nc7 30. Qg4 Re8 31. Be6+ Ncxe6 32. dxe6 Qc3 33. Re2 h3 34. f5 Qc1+ 35.
Qg1 Qf4 36. Qf2 Qc1+ 37. Re1 Qc3 38. e7 Nd7 39. f6 Ne5 40. Rxe5 Kf7 41. g6+ Kxg6
42. Re3 Qc1+ 43. Re1 Qc3 44. Rg1+ Kf7 45. Rg7+ Ke6 46. f7 Qxg7 1-0

[Event "FIDE World Blitz 2014"]
[Site "Dubai UAE"]
[Date "2014.06.20"]
[Round "15.40"]
[White "Moradiabadi, Elshan"]
[Black "Vahidov, Tair"]
[Result "1-0"]
[WhiteTitle "GM"]
[BlackTitle "GM"]
[WhiteElo "2586"]
[BlackElo "2446"]
[WhiteFideId "12501255"]
[BlackFideId "14200155"]
[EventDate "2014.06.19"]

1. Nf3 Nf6 2. g3 g6 3. Bg2 Bg7 4. O-O d5 5. c4 O-O 6. cxd5 Nxd5 7. Nc3 c5 8. Qb3
Nb6 9. d3 Nc6 10. Be3 Nd4 11. Bxd4 cxd4 12. Ne4 Be6 13. Qa3 Bd5 14. Rac1 a5 15.
Nc5 e6 16. Na4 Nxa4 17. Qxa4 Qb6 18. Rc2 Qb4 19. Qd7 Bxa2 20. Ng5 Rad8 21. Qc7
Bd5 22. Bxd5 Rxd5 23. Ne4 a4 24. Rfc1 h6 25. Nc5 Be5 26. Qxb7 Qxb7 27. Nxb7 Rb5
28. Nc5 Ra8 29. f4 Bd6 30. Ne4 Be7 31. Ra1 Kf8 32. Kf2 a3 33. bxa3 Rxa3 34. Rc8+
Kg7 35. Rac1 Rb7 36. R1c7 Rxc7 37. Rxc7 Kf8 38. Nd2 Ra8 39. Nc4 Rd8 40. Kf3 Rd5
41. h3 h5 42. Rc8+ Kg7 43. Re8 Bb4 44. Rb8 Be7 45. Rb7 Kf8 46. Ne5 Rc5 47. Nd7+ 1-0

[Event "FIDE World Blitz 2014"]
[Site "Dubai UAE"]
[Date "2014.06.20"]
[Round "15.41"]
[White "Tkachiev, Vladislav"]
[Black "Ganguly, Surya Shekhar"]
[Result "0-1"]
[WhiteTitle "GM"]
[BlackTitle "GM"]
[WhiteElo "2625"]
[BlackElo "2619"]
[WhiteFideId "618438"]
[BlackFideId "5002150"]
[EventDate "2014.06.19"]

1. d4 Nf6 2. Nf3 g6 3. g3 Bg7 4. Bg2 O-O 5. O-O d6 6. Nc3 Nbd7 7. e4 e5 8. Re1
c6 9. a4 b6 10. b3 Qc7 11. Ba3 Rd8 12. dxe5 Nxe5 13. Nd4 Bb7 14. Qd2 a6 15. f4
c5 16. Nde2 Nc6 17. Rad1 Nb4 18. Nc1 Bc6 19. Nd3 Nxd3 20. Qxd3 b5 21. axb5 axb5
22. Bc1 Ng4 23. Ne2 c4 24. bxc4 bxc4 25. Qd2 c3 26. Qd3 Qb6+ 27. Nd4 Ra4 28. e5
dxe5 29. Bxc6 Raxd4 0-1

[Event "FIDE World Blitz 2014"]
[Site "Dubai UAE"]
[Date "2014.06.20"]
[Round "15.42"]
[White "Vakhidov, Jahongir"]
[Black "Zhigalko, Sergei"]
[Result "0-1"]
[WhiteTitle "IM"]
[BlackTitle "GM"]
[WhiteElo "2471"]
[BlackElo "2678"]
[WhiteFideId "14201801"]
[BlackFideId "13502956"]
[EventDate "2014.06.19"]

1. Nf3 Nf6 2. d4 e6 3. e3 b6 4. Bd3 Bb7 5. Nbd2 d5 6. b3 Be7 7. Bb2 O-O 8. O-O
c5 9. Ne5 Nc6 10. a3 Rc8 11. f4 a6 12. Nxc6 Rxc6 13. c4 dxc4 14. bxc4 Qa8 15.
Qe2 Rd8 16. Rfd1 cxd4 17. exd4 b5 18. d5 Bc5+ 19. Kh1 exd5 20. cxb5 Re6 21. Be5
axb5 22. Nb3 Bb6 23. Bf5 Ne4 24. Bxe4 dxe4 25. Rxd8+ Qxd8 26. Rd1 Qe8 27. Nd4
Bxd4 28. Rxd4 h6 29. Qe3 Qc8 30. Rd1 Rg6 31. h3 Qc2 32. Rd2 Qc4 33. Kh2 Qc8 34.
Rd4 Kh7 35. Rd2 Qc6 36. f5 Rg5 37. Rf2 Qd5 38. Bb2 Rxf5 39. Rd2 Qe6 40. Re2 Rg5
41. Rf2 f6 42. Bd4 Qc4 43. Bb2 Qd3 44. Qxd3 exd3 45. Rd2 Rxg2+ 46. Rxg2 Bxg2 47.
Bc3 Bd5 48. Kg3 Kg6 49. Kf4 Kf7 50. h4 Bb3 51. Ke3 Bc2 52. Kd4 g5 53. hxg5 fxg5
54. Ke5 Kg6 55. Bd2 h5 56. Ke4 h4 57. Bc1 d2+ 0-1

[Event "FIDE World Blitz 2014"]
[Site "Dubai UAE"]
[Date "2014.06.20"]
[Round "15.44"]
[White "Georgiev, Kiril"]
[Black "Bartel, Mateusz"]
[Result "0-1"]
[WhiteTitle "GM"]
[BlackTitle "GM"]
[WhiteElo "2644"]
[BlackElo "2641"]
[WhiteFideId "2900017"]
[BlackFideId "1112635"]
[EventDate "2014.06.19"]

1. d4 f5 2. g3 Nf6 3. Bg2 g6 4. Nh3 Bg7 5. Nf4 Nc6 6. d5 Ne5 7. Nc3 c6 8. h4
cxd5 9. Ncxd5 Nxd5 10. Qxd5 e6 11. Qb3 d5 12. h5 O-O 13. hxg6 hxg6 14. Bd2 Qb6
15. Bc3 Qxb3 16. axb3 Bd7 17. Bxe5 Bxe5 18. Nxg6 Bxb2 19. Nxf8 Kxf8 20. Ra2 Bc3+
21. Kd1 Kg7 22. e3 a5 23. Bf1 b5 24. Bd3 e5 25. Be2 a4 26. Kc1 a3 27. Bf3 e4 28.
Be2 b4 29. Kd1 Rh8 30. Rxh8 Kxh8 31. Bf1 Kg7 32. Bh3 Kf6 33. Ke2 Bb5+ 34. Kd1
Kg5 35. Kc1 Be2 36. Bg2 Kg4 37. Kb1 Kg5 38. Kc1 Kf6 39. Bh3 Ke5 40. Bg2 Bg4 41.
Bf1 d4 42. exd4+ Kxd4 43. Bg2 e3 44. fxe3+ Kxe3 45. Bd5 Kf2 46. Be6 Kxg3 47.
Bxf5 Bxf5 48. Kb1 Kf2 49. Kc1 Ke1 50. Kb1 Kd1 0-1

[Event "FIDE World Blitz 2014"]
[Site "Dubai UAE"]
[Date "2014.06.20"]
[Round "15.45"]
[White "Lenic, Luka"]
[Black "Al-Sayed, Mohammed"]
[Result "0-1"]
[WhiteTitle "GM"]
[BlackTitle "GM"]
[WhiteElo "2659"]
[BlackElo "2505"]
[WhiteFideId "14603853"]
[BlackFideId "12100196"]
[EventDate "2014.06.19"]

1. d4 Nf6 2. Bg5 d5 3. Bxf6 exf6 4. e3 c6 5. g3 f5 6. Bg2 Be6 7. Ne2 Nd7 8. Nd2
Nf6 9. O-O Bd6 10. Nf4 O-O 11. c3 Ne4 12. Qc2 g6 13. Rfd1 h5 14. Nf3 Kg7 15. b3
Rh8 16. c4 h4 17. Ne5 hxg3 18. hxg3 Qf6 19. b4 g5 20. Nfd3 dxc4 21. Nxc4 Bc7 22.
Nd2 Bd5 23. Nf3 Qh6 24. Kf1 f6 25. Ke2 Rae8 26. Rh1 Qg6 27. Rxh8 Kxh8 28. Kf1
Kg7 29. b5 f4 30. exf4 gxf4 31. Nh4 Qg4 32. Qd1 Qxd1+ 33. Rxd1 fxg3 34. bxc6
bxc6 35. Nf5+ Kg6 36. Ne3 gxf2 37. Nxd5 cxd5 38. Nc5 Bg3 39. Bf3 Ng5 40. Be2 Kf5
41. Rd3 Kf4 42. Nd7 Rh8 43. Kg2 Rh2+ 44. Kf1 Rh1+ 45. Kg2 Rg1# 0-1

[Event "FIDE World Blitz 2014"]
[Site "Dubai UAE"]
[Date "2014.06.20"]
[Round "15.46"]
[White "Taleb, Moussa"]
[Black "Mchedlishvili, Mikheil"]
[Result "0-1"]
[WhiteTitle "GM"]
[BlackTitle "GM"]
[WhiteElo "2406"]
[BlackElo "2632"]
[WhiteFideId "9300201"]
[BlackFideId "13600966"]
[EventDate "2014.06.19"]

1. Nf3 g6 2. d4 Bg7 3. c3 d6 4. Bg5 Nd7 5. Nbd2 Ngf6 6. e3 h6 7. Bh4 g5 8. Bg3
Nh5 9. Bc4 e6 10. Qc2 a6 11. Bb3 Qe7 12. a3 b6 13. e4 Bb7 14. Qd3 Rd8 15. O-O-O
b5 16. h4 Nxg3 17. fxg3 c5 18. Bc2 cxd4 19. cxd4 g4 20. Nh2 h5 21. Nhf1 Qf6 22.
Nb3 Rc8 23. Kb1 Nc5 24. Nxc5 dxc5 25. e5 Qd8 26. Qe3 cxd4 27. Rxd4 Qc7 28. Be4
Bxe4+ 29. Rxe4 Qc2+ 30. Ka2 Bh6 31. Qe2 Qxe2 32. Rxe2 Rc1 33. Rf2 Ke7 34. Rh2
Rd8 35. Nd2 Rxd2 0-1

[Event "FIDE World Blitz 2014"]
[Site "Dubai UAE"]
[Date "2014.06.20"]
[Round "15.47"]
[White "Goloshchapov, Alexander"]
[Black "Debashis, Das"]
[Result "0-1"]
[WhiteTitle "GM"]
[BlackTitle "GM"]
[WhiteElo "2586"]
[BlackElo "2484"]
[WhiteFideId "14103222"]
[BlackFideId "5024854"]
[EventDate "2014.06.19"]

1. d4 Nf6 2. c4 e6 3. Nf3 d5 4. g3 Be7 5. Bg2 O-O 6. Qc2 c5 7. O-O Nc6 8. dxc5
d4 9. Rd1 Bxc5 10. Bg5 h6 11. Bxf6 Qxf6 12. Nbd2 e5 13. Ne4 Qe7 14. Nxc5 Qxc5
15. Nd2 Be6 16. Rdc1 f5 17. Rab1 e4 18. b4 Nxb4 19. Nb3 Qb6 20. Qb2 Nc6 21. c5
Qd8 22. Rd1 Qf6 23. Nxd4 Rfd8 24. Nxe6 Rxd1+ 25. Bf1 Rxb1 26. Qxb1 Qxe6 27. e3
Qe7 28. Qb5 Rd8 29. Kg2 Kh8 30. Bc4 Ne5 31. Bb3 Nd3 32. c6 bxc6 33. Qxf5 Rf8 34.
Qg6 Qf6 35. Qxe4 Qxf2+ 36. Kh3 Qf5+ 37. Qxf5 Rxf5 0-1

[Event "FIDE World Blitz 2014"]
[Site "Dubai UAE"]
[Date "2014.06.20"]
[Round "15.48"]
[White "Salgado Lopez, Ivan"]
[Black "Tissir, Mohamed"]
[Result "1-0"]
[WhiteTitle "GM"]
[BlackTitle "IM"]
[WhiteElo "2622"]
[BlackElo "2380"]
[WhiteFideId "2257327"]
[BlackFideId "9000240"]
[EventDate "2014.06.19"]

1. e4 c5 2. c3 d5 3. exd5 Qxd5 4. Nf3 g6 5. d4 Bg7 6. Na3 cxd4 7. Bc4 Qe4+ 8.
Be3 Nh6 9. cxd4 O-O 10. O-O Nf5 11. Bg5 Nxd4 12. Nxd4 Qxd4 13. Qxd4 Bxd4 14. Nb5
Bb6 15. Bxe7 Re8 16. Rfe1 Be6 17. Bxe6 Rxe7 18. Bc8 Nc6 19. Rxe7 Nxe7 20. Bxb7
Rb8 21. Ba6 Nd5 22. a3 Re8 23. Kf1 Nf6 24. Nd6 Rd8 25. Nc4 Bc5 26. b4 Bf8 27.
Ne3 Ne4 28. Rd1 Re8 29. Bc4 Bh6 30. Rd7 Rf8 31. Bb3 Kg7 1-0

[Event "FIDE World Blitz 2014"]
[Site "Dubai UAE"]
[Date "2014.06.20"]
[Round "15.49"]
[White "Glek, Igor"]
[Black "Sriram, Jha"]
[Result "1-0"]
[WhiteTitle "GM"]
[BlackTitle "GM"]
[WhiteElo "2438"]
[BlackElo "2375"]
[WhiteFideId "4100484"]
[BlackFideId "5001668"]
[EventDate "2014.06.19"]

1. e4 e5 2. Nf3 Nc6 3. Nc3 Nf6 4. g3 d6 5. h3 g6 6. d4 exd4 7. Nxd4 Bg7 8. Nde2
O-O 9. Bg2 Re8 10. O-O Be6 11. Nf4 Bc4 12. Re1 Qd7 13. b3 Ba6 14. Bb2 Ne5 15.
Rb1 b6 16. Ncd5 Nxd5 17. Nxd5 Bb7 18. f4 Nc6 19. Nf6+ Bxf6 20. Bxf6 Nd8 21. f5
d5 22. Qd2 Qd6 23. e5 Qc5+ 24. Kh2 c6 25. c4 dxc4 26. bxc4 Qf8 27. Rbd1 c5 28.
Bd5 Nc6 29. Qg2 Rac8 30. e6 fxe6 31. Rxe6 Ne7 32. Rxe7+ 1-0

[Event "FIDE World Blitz 2014"]
[Site "Dubai UAE"]
[Date "2014.06.20"]
[Round "15.50"]
[White "Breckenridge, Steven James"]
[Black "Shyam, Sundar M."]
[Result "0-1"]
[WhiteTitle "FM"]
[BlackTitle "GM"]
[WhiteElo "2299"]
[BlackElo "2468"]
[WhiteFideId "2043700"]
[BlackFideId "5019141"]
[EventDate "2014.06.19"]

1. e4 c5 2. c3 Nf6 3. e5 Nd5 4. d4 cxd4 5. Nf3 e6 6. Bc4 Nc6 7. cxd4 d6 8. O-O
Be7 9. Qe2 O-O 10. Nc3 Nxc3 11. bxc3 Qa5 12. Bd3 dxe5 13. dxe5 Rd8 14. Bb2 g6
15. h4 b6 16. c4 Bb7 17. Rfd1 Rd7 18. h5 Rad8 19. hxg6 hxg6 20. Bc2 Nb4 21. Rxd7
Rxd7 22. Be4 Bxe4 23. Qxe4 Qa4 24. Kh2 Qc2 25. Qxc2 Nxc2 26. Rc1 Nb4 27. Bd4
Nxa2 28. Rb1 Nb4 29. Rb2 Rc7 30. Kg3 Rxc4 31. Rd2 Nd5 32. Ra2 a5 33. Rb2 a4 34.
Bxb6 a3 35. Rb1 a2 36. Ra1 Nxb6 37. Rxa2 Nd5 38. Ra7 Rc2 39. Rd7 Kf8 40. Nd4
Rc3+ 41. f3 Rc7 42. Rxc7 Nxc7 43. Kf4 Ke8 44. Ke4 Bc5 45. Ne2 Nd5 46. Ng3 Bb6
47. Nf1 Bc7 48. Nh2 f5+ 49. Kd4 Ne7 50. f4 Nd5 51. g3 Bb6+ 52. Kd3 Bf2 53. Nf1
Kd7 54. Ke2 Bb6 55. Nh2 Bd8 56. Nf3 Bb6 57. Nh4 Ne7 58. Nf3 Kc6 59. Ng5 Kd5 60.
Nf7 Bc7 61. Ng5 Nc6 62. Nf7 Bb8 63. Kf3 Nd4+ 64. Kg2 Nc6 65. Kf3 Ne7 66. Nd8 Bc7
67. Nf7 Kc6 68. Ng5 Kd7 69. Nh3 Nc6 70. Ng5 Bd8 71. Nh3 g5 72. fxg5 Nxe5+ 73.
Kf4 Ng6+ 74. Ke3 Bc7 75. Kf3 e5 76. Nf2 Ke6 77. g4 f4 78. Ne4 Bb6 79. Nf6 Bd8
80. Ne4 Nh4+ 81. Ke2 Kd5 82. Nc3+ Kd4 83. Nb5+ Kc5 84. Nc3 Ng6 85. Kf3 Kd4 86.
Nb5+ Kd3 87. Nd6 Bxg5 88. Ne4 Nh4+ 0-1

[Event "FIDE World Blitz 2014"]
[Site "Dubai UAE"]
[Date "2014.06.20"]
[Round "15.51"]
[White "Kayumov, Sergey"]
[Black "Al Qudaimi, Basheer"]
[Result "0-1"]
[WhiteTitle "GM"]
[BlackTitle "IM"]
[WhiteElo "2505"]
[BlackElo "2396"]
[WhiteFideId "14200880"]
[BlackFideId "9400346"]
[EventDate "2014.06.19"]

1. d4 d5 2. Nf3 e6 3. Bf4 c5 4. e3 Nc6 5. c3 Nf6 6. Nbd2 Be7 7. h3 O-O 8. Bd3
Nd7 9. O-O f5 10. c4 Nf6 11. dxc5 Bxc5 12. Nb3 Bd6 13. Bxd6 Qxd6 14. cxd5 Nxd5
15. Bc4 Nce7 16. Qd4 a6 17. a4 Bd7 18. Rfd1 b5 19. axb5 axb5 20. Bxd5 Nxd5 21.
Nc5 Rfc8 22. Rxa8 Rxa8 23. Ne5 Bc6 24. Nxc6 Qxc6 25. Nxe6 Nf6 26. Ng5 h6 27. Nf3
Re8 28. Ne5 Qc2 29. Nd7 Ne4 30. Rf1 Qc7 31. f3 Ng3 32. Re1 Rd8 33. Qd5+ Kh8 34.
Qe5 Rxd7 35. Qe8+ Kh7 36. e4 fxe4 37. fxe4 Qa7+ 38. Kh2 Qc7 39. e5 Nf5 40. Rf1
Re7 41. Qxb5 Rxe5 42. Rc1 Rxb5+ 43. Rxc7 Rxb2 44. Rc5 Ne3 45. Kg3 Nxg2 46. Re5
g5 47. Re6 Nf4 48. Kg4 Nxe6 49. Kf5 Ng7+ 0-1

[Event "FIDE World Blitz 2014"]
[Site "Dubai UAE"]
[Date "2014.06.20"]
[Round "16.10"]
[White "Korobov, Anton"]
[Black "Riazantsev, Alexander"]
[Result "1-0"]
[WhiteTitle "GM"]
[BlackTitle "GM"]
[WhiteElo "2680"]
[BlackElo "2692"]
[WhiteFideId "14105730"]
[BlackFideId "4125029"]
[EventDate "2014.06.19"]

1. d4 e6 2. c4 Bb4+ 3. Bd2 a5 4. g3 d6 5. Bg2 e5 6. e3 Nf6 7. Ne2 O-O 8. Nbc3 c6
9. O-O Qe7 10. a3 Bxc3 11. Nxc3 e4 12. f3 exf3 13. Qxf3 Be6 14. Qe2 d5 15. e4
Nxe4 16. Nxe4 dxe4 17. Qxe4 Nd7 18. d5 cxd5 19. cxd5 Nf6 20. Rxf6 Qxf6 21. Bc3
Bxd5 22. Qxd5 Qb6+ 23. Kh1 Rab8 24. Rf1 a4 25. Bb4 Rbd8 26. Qf5 g6 27. Qf3 Rd7
28. Bxf8 Kxf8 29. Qc3 Kg8 30. h4 h5 31. Kh2 Rc7 32. Qe5 Rc8 33. Bd5 Rf8 34. Rxf7 1-0

[Event "FIDE World Blitz 2014"]
[Site "Dubai UAE"]
[Date "2014.06.20"]
[Round "16.11"]
[White "Eljanov, Pavel"]
[Black "Bacrot, Etienne"]
[Result "1-0"]
[WhiteTitle "GM"]
[BlackTitle "GM"]
[WhiteElo "2723"]
[BlackElo "2720"]
[WhiteFideId "14102951"]
[BlackFideId "605506"]
[EventDate "2014.06.19"]

1. d4 Nf6 2. Nf3 g6 3. Bg5 Bg7 4. c3 O-O 5. Nbd2 c5 6. e3 d6 7. Bd3 b6 8. O-O
Bb7 9. Qe2 Nbd7 10. h3 h6 11. Bf4 Re8 12. Bh2 cxd4 13. cxd4 e5 14. dxe5 dxe5 15.
e4 Nh5 16. Ba6 Bxa6 17. Qxa6 Nc5 18. Qa3 Nf4 19. Rad1 Ne2+ 20. Kh1 Qe7 21. Rfe1
Nf4 22. Nc4 Rad8 23. Bxf4 exf4 24. e5 Rxd1 25. Rxd1 Qe6 26. b3 a5 27. Kg1 Qf5
28. Qb2 Rf8 29. Qd4 Qc2 30. Qd2 Qe4 31. Nxb6 Ne6 32. Qd5 Qc2 33. Qd2 Qc5 34. Nc4
a4 35. Nd6 axb3 36. axb3 Qb6 37. Qd5 Rb8 38. Rd3 Qb4 39. Kh2 Qa3 40. Nd4 Qc5 41.
Nxe6 Qxd5 42. Rxd5 fxe6 43. Rb5 Rxb5 44. Nxb5 Bxe5 45. f3 Kf7 46. Na3 Bd4 47.
Nc4 Bf2 48. b4 Ke7 49. b5 Kd8 50. Ne5 g5 51. Nf7+ Kc7 52. Nxh6 Kb6 53. Nf7 Bh4
54. Nd8 Kxb5 55. Nxe6 Kc4 56. Kg1 Kd3 57. Kf1 Kd2 58. Ng7 Ke3 59. Nf5+ Kd3 60.
g3 fxg3 61. Kg2 Kc4 62. Nxg3 Kd3 63. Nf5 Be1 64. Nd6 Bh4 65. Nf5 Be1 66. Kf1 Ba5
67. Kf2 Bc7 68. Ng3 Bb6+ 69. Kg2 Bc7 70. Nf5 Bb8 71. Kf2 Bc7 72. Ng7 1-0

[Event "FIDE World Blitz 2014"]
[Site "Dubai UAE"]
[Date "2014.06.20"]
[Round "16.12"]
[White "Guseinov, Gadir"]
[Black "Wojtaszek, Radoslaw"]
[Result "0-1"]
[WhiteTitle "GM"]
[BlackTitle "GM"]
[WhiteElo "2613"]
[BlackElo "2715"]
[WhiteFideId "13401378"]
[BlackFideId "1118358"]
[EventDate "2014.06.19"]

1. e4 c5 2. Nc3 d6 3. Nf3 Nf6 4. d4 cxd4 5. Nxd4 a6 6. a4 e5 7. Nf3 h6 8. Bc4
Be6 9. Bxe6 fxe6 10. Nh4 Nc6 11. Ng6 Rg8 12. O-O Kf7 13. Nxf8 Rxf8 14. Be3 Kg8
15. f3 Rc8 16. Qd2 Na5 17. b3 Qc7 18. Nd1 d5 19. exd5 exd5 20. Kh1 Nc6 21. Nb2
Ne7 22. Nd3 Ng6 23. c4 dxc4 24. bxc4 Qxc4 25. Rfc1 Qd5 26. Nc5 Qxd2 27. Bxd2 Rf7
28. Rab1 b5 29. axb5 axb5 30. Rxb5 Rfc7 31. Nb3 Rxc1+ 32. Bxc1 e4 33. fxe4 Nxe4
34. h3 Rc2 35. Be3 Nh4 36. Rb8+ Kh7 37. Bf4 Rxg2 0-1